Instruction sur la culture du navet, et de ses varietes, publiée par la Commission D'Agriculture et des Arts: (extrait de la Feville du cultivateur, no. 26, an second nouvelle edition Germinal, an 3)

Detalles Bibliográficos
Formato: Libro
Lenguaje:Undetermined
French
Publicado: a Paris : de l'mprimerie de la Feville du Cultivateur, 1795.
Materias:
Colección:Banco de datos
Acervo:Biblioteca Palafoxiana. Colección bibliográfica
Descripción Física:8 p. ; 4°
Tema general:Agricultura
Notas:Número de localización: R573-D
LEADER 00691nam a2200169Ia 4500
008 150723s9999 xx 000 0 und d
041 0 |a fre 
050 0 |a PAFX S493 R4 
245 1 0 |a Instruction sur la culture du navet, et de ses varietes, publiée par la Commission D'Agriculture et des Arts: (extrait de la Feville du cultivateur, no. 26, an second nouvelle edition Germinal, an 3) 
260 |a a Paris : de l'mprimerie de la Feville du Cultivateur, 1795. 
300 |a 8 p. ; 4° 
500 |a Número de localización: R573-D 
501 |a Encuadernado con 11 obras 
650 1 0 |a Agricultura 
942 |c PALALIB 
943 |g Biblioteca Palafoxiana. Colección bibliográfica 
999 |c 1060136  |d 1060136